| 000 | 00669nam a22002057a 4500 | ||
|---|---|---|---|
| 999 |
_c14442 _d14442 |
||
| 003 | AR-CdUCM | ||
| 008 | 190423b ||||| |||| 00| 0 spa d | ||
| 020 | _a978-607-404-066-1 | ||
| 040 |
_aMUNICIPALIDAD PROVINCIAL DEL CUSCO _cBIBLIOTECA MUNICIPAL DEL CUSCO |
||
| 041 | _heng | ||
| 082 |
_aPI / 803.08 / _bP51 |
||
| 110 |
_aPhidal publishing _932928 |
||
| 245 |
_aLa cenicienta : _bla noche perfecta / |
||
| 260 |
_aMéxico : _bSilver Dolphin, _c2011. |
||
| 300 |
_a8 páginas ; _bIlustraciones, _c20 cm. |
||
| 650 |
_aCuentos infantiles _93927 |
||
| 700 |
_aTorres Fernández, Adriana De La (traducción) _933218 |
||
| 942 |
_2ddc _cLIBROS |
||
| 945 |
_aacv _d2019-04-23 |
||